Catálogo
 En Linea

Canto a Hiroshima y otros poemas / (Registro nro. 56372)

Detalles MARC
000 -CABECERA
campo de control de longitud fija 01387nam a22002777i 4500
003 - IDENTIFICADOR DEL NÚMERO DE CONTROL
campo de control DO-SdBNP
005 - FECHA Y HORA DE LA ÚLTIMA TRANSACCIÓN
campo de control 20250228152924.0
007 - CAMPO FIJO DE DESCRIPCIÓN FÍSICA--INFORMACIÓN GENERAL
campo de control de longitud fija ta
008 - DATOS DE LONGITUD FIJA--INFORMACIÓN GENERAL
campo de control de longitud fija 240412b2023 dr ||||| |||| 00| p spa d
020 ## - NÚMERO INTERNACIONAL ESTÁNDAR DEL LIBRO
Número Internacional Estándar del Libro 9789945637328
040 ## - FUENTE DE LA CATALOGACIÓN
Centro catalogador/agencia de origen DO-SdBNP
Lengua de catalogación spa
Centro/agencia transcriptor BNPHU
Normas de descripción rda
082 #4 - NÚMERO DE LA CLASIFICACIÓN DECIMAL DEWEY
Número de edición 22
100 1# - ENTRADA PRINCIPAL--NOMBRE DE PERSONA
Nombre de persona Castillo, Efraím,
Fechas asociadas al nombre 1940-
9 (RLIN) 28022
245 10 - MENCIÓN DE TÍTULO
Título Canto a Hiroshima y otros poemas /
Mención de responsabilidad, etc. Efraím Castillo.
250 ## - MENCIÓN DE EDICIÓN
Mención de edición Primera edición
264 #1 - PRODUCCIÓN, PUBLICACIÓN, DISTRIBUCIÓN, FABRICACIÓN Y COPYRIGHT
Producción, publicación, distribución, fabricación y copyright San Juan, Puerto Rico :
Nombre del de productor, editor, distribuidor, fabricante Editorial Isla Negra,
Fecha de producción, publicación, distribución, fabricación o copyright 2023.
300 ## - DESCRIPCIÓN FÍSICA
Extensión 75 páginas ;
Dimensiones 22 cm.
336 ## - TIPO DE CONTENIDO
Fuente rdacontent
Término de tipo de contenido texto
Código de tipo de contenido txt
337 ## - TIPO DE MEDIO
Fuente rdamedia
Nombre/término del tipo de medio sin mediación
Código del tipo de medio n
338 ## - TIPO DE SOPORTE
Fuente rdacarrier
Nombre/término del tipo de soporte volumen
Código del tipo de soporte nc
490 0# - MENCIÓN DE SERIE
Mención de serie Colección Filo de juego
500 ## - NOTA GENERAL
Nota general Incluye datos biográficos del autor en la solapa de la cubierta.
505 0# - NOTA DE CONTENIDO CON FORMATO
Nota de contenido con formato A modo de epígrafe --<br/>Canto a Hiroshima --<br/>Nantucket: paraíso de arena bajo el sol --<br/>Demonio de fuego sobre Bagdad --<br/>Faroles de fuego --<br/>¿Dónde está el asidero? --<br/>Toda medida --<br/>Está aquí --<br/>Trampa para un sol cambiante --<br/>¿Cuál es la medida? --<br/>Alegorías --<br/>Estos lazos --<br/>Humos --<br/>No preguntes --<br/>Aislamiento --<br/>Ataduras --<br/>Esta mirada --<br/>La mañana --<br/>Pesadilla --<br/>Hijo del bolero --<br/>¿Seré yo o el otro? --<br/>Renuevos --<br/>Soy un hikikomori --<br/>Para Emita --<br/>Dejaré vagar el sueño --<br/>Subir y bajar. Bajar y subir<br/>
590 ## - NOTA LOCAL (RLIN)
Nota local Inventariado, 2024 /LP
942 ## - ELEMENTOS DE PUNTO DE ACCESO ADICIONAL (KOHA)
Fuente del sistema de clasificación o colocación Dewey Decimal Classification
Tipo de ítem Koha Libro
Existencias
Estado de retiro Estado de pérdida Fuente del sistema de clasificación o colocación Restricciones de uso No para préstamo Código de colección Localización permanente Ubicación/localización actual Ubicación en estantería Fecha de adquisición Fuente de adquisición Total de préstamos Código de barras Fecha visto por última vez Precio válido a partir de Tipo de ítem Koha Número de copia
    Dewey Decimal Classification Excluido de préstamo   Patrimonio Dominicano Biblioteca Nacional Pedro Henríquez Ureña Biblioteca Nacional Pedro Henríquez Ureña En catalogación 01.12.2023 Depósito Legal   2024-2160 12.04.2024 12.04.2024 Libro  
    Dewey Decimal Classification Excluido de préstamo   Patrimonio Dominicano Biblioteca Nacional Pedro Henríquez Ureña Biblioteca Nacional Pedro Henríquez Ureña En catalogación 01.12.2023 Depósito Legal   2024-2161 12.04.2024 12.04.2024 Libro e. 2

Con tecnología Koha